Riconosci il Pokémon - Quiz n°936 - Statistics

Statistiche generali
  • Questo quiz è stato fatto 4 volte
  • Il punteggio medio è 10 su 10
Statistiche sulle risposte
Indizio Risposta % Corretto
Altezza 1,2 m
100%
Peso 145,0 kg
100%
Tasso di cattura 3 (1.6%)
100%
Tipo Elettro
100%
Tasso di allevamento Lento
100%
Stadio evoluzione Non si evolve
100%
Generazione Ottava
100%
Sesso Sconosciuto
100%
Abilità Transistor
100%
Pokémon Regieleki
67%
Nessun quiz corrispondente trovato
Distribuzione punteggi
Percentuale di utenti per punteggio
Percentile per numero di risposta
I tuoi punteggi nel tempo
Non hai fatto questo quiz